[Event "ESP-chT Div Honor 2018"]
[Site "Linares"]
[Date "2018.08.11"]
[Round "6"]
[White "Anton Guijarro, David"]
[Black "Mirzoev, Azer"]
[Result "1-0"]
[WhiteElo "2652"]
[BlackElo "2510"]
[Annotator "TA"]
[EventDate "2018.08.06"]
[PlyCount "101"]
[EventType "team-tourn"]
[EventCountry "ESP"]

1. Nf3 d5 2. b3 Nf6 3. Bb2 c5 4. e3 e6 5. Bb5+ Nbd7 6. O-O Be7 7. c4 O-O 8.
cxd5 Nxd5 9. Nc3 Nxc3 $146 10. Bxc3 b6 11. a4 Bb7 12. a5 Bf6 13. a6 Bd5 14.
Qe2 Qc7 15. Rac1 Rac8 16. Bxd7 $1 Qxd7 17. Bxf6 gxf6 18. e4 Bc6 19. Qe3 Kh8
20. d4 cxd4 21. Nxd4 $16 Rfd8 22. Nxc6 Rxc6 23. Qf3 e5 24. h4 b5 25. Rfd1
Rd6 26. Rd5 $1 Kg7 27. Qg3+ Kf8 28. Qe3 $1 Rxd5 29. exd5 Kg7 30. Qg3+ Kf8
31. Qf3 $1 Qe7 32. Qe4 Kg7 33. Rc3 f5 34. Qxf5 $18 Rxd5 35. Rg3+ Kh8 36.
Qg4 $1 Qf8 37. Qe4 Qd6 $16 38. Qg4 Qf8 $1 $18 39. Qe4 $40 Qd6 $1 $16 40.
Qf3 Qe6 41. Kh2 h6 42. Qe4 $1 Rd8 43. Re3 Rd4 $2 44. Qxd4 $3 $18 exd4 45.
Rxe6 fxe6 46. Kg3 Kg7 47. Kf4 h5 48. Ke4 e5 49. f4 exf4 50. Kxd4 Kf6 51.
Ke4 1-0

[Event "ESP-chT Div Honor 2018"]
[Site "Linares"]
[Date "2018.08.11"]
[Round "6"]
[White "Meier, Georg"]
[Black "Saric, Ivan"]
[Result "1/2-1/2"]
[WhiteElo "2638"]
[BlackElo "2690"]
[Annotator "TA"]
[EventDate "2018.08.06"]
[PlyCount "84"]
[EventType "team-tourn"]
[EventCountry "ESP"]

1. Nf3 g6 2. d4 Bg7 3. e4 d6 4. c4 Nf6 5. Nc3 O-O 6. Be2 e5 7. O-O Nc6 8.
dxe5 dxe5 9. Bg5 Bg4 10. Qxd8 Nxd8 11. Bxf6 Bxf6 12. Nd5 Bxf3 13. gxf3 Kg7
14. Nxc7 Rc8 15. Nd5 Ne6 16. Rfc1 $146 Nd4 17. Kf1 Bh4 18. Rc3 f5 19. exf5
Rxf5 20. Rd1 Rcf8 21. f4 $1 Nxe2 22. Kxe2 exf4 23. Kf3 Bd8 24. Ra3 $1 $16
a6 25. Rb3 R8f7 26. Nc3 $1 Bf6 27. Ne4 $1 Ra5 28. Nxf6 Kxf6 29. Rd6+ Kf5
30. Rdb6 g5 $11 31. Rxb7 g4+ 32. Kg2 Rxb7 33. Rxb7 Rxa2 34. c5 h5 35. h3
Ra1 36. hxg4+ hxg4 37. Rf7+ Ke5 38. Rg7 f3+ 39. Kh2 Rf1 40. Rxg4 Rxf2+ 41.
Kg3 Rxb2 42. Kxf3 Kd5 1/2-1/2

[Event "ESP-chT Div Honor 2018"]
[Site "Linares"]
[Date "2018.08.11"]
[Round "6"]
[White "Shirov, Alexei"]
[Black "Forcen Esteban, Daniel"]
[Result "1/2-1/2"]
[WhiteElo "2631"]
[BlackElo "2569"]
[Annotator "TA"]
[EventDate "2018.08.06"]
[PlyCount "64"]
[EventType "team-tourn"]
[EventCountry "ESP"]

1. e4 e6 2. d4 d5 3. Nc3 Nf6 4. e5 Nfd7 5. f4 c5 6. Nf3 Nc6 7. Be3 cxd4 8.
Nxd4 Qb6 9. Qd2 Qxb2 10. Rb1 Qa3 11. Bb5 Nxd4 12. Bxd4 a6 13. Bxd7+ Bxd7
14. Rb3 Qe7 15. Rxb7 Rc8 16. O-O Qd8 17. Qe3 Rc4 18. Rfb1 Be7 19. f5 Bg5
$146 20. Qf2 exf5 $15 21. e6 fxe6 22. Bxg7 Rg8 23. Be5 Bf6 $1 24. Rxd7 Kxd7
25. Qa7+ Rc7 $1 26. Bxc7 Qxc7 27. Qxa6 Rb8 28. Rxb8 Qxb8 29. Qa4+ $1 Kd6
30. Qa3+ Kd7 31. Qa4+ $1 Kd6 32. Qa3+ $1 Ke5 1/2-1/2

[Event "ESP-chT Div Honor 2018"]
[Site "Linares"]
[Date "2018.08.11"]
[Round "6"]
[White "Banusz, Tamas"]
[Black "Adhiban, Baskaran"]
[Result "0-1"]
[WhiteElo "2612"]
[BlackElo "2671"]
[Annotator "TA"]
[EventDate "2018.08.06"]
[PlyCount "95"]
[EventType "team-tourn"]
[EventCountry "ESP"]

1. Nf3 d5 2. g3 g6 3. Bg2 Bg7 4. d4 Nf6 5. O-O O-O 6. Nbd2 c5 7. dxc5 Qc7
8. Nb3 e5 9. c3 Rd8 $146 10. Bg5 Be6 11. Nfd2 Nbd7 12. e4 Nxc5 13. Bxf6
Bxf6 14. exd5 Bxd5 15. Bxd5 Rxd5 16. Nxc5 Qxc5 17. Ne4 Rxd1 18. Nxc5 Rxa1
19. Rxa1 $11 Be7 20. Nb3 f6 21. Rd1 Rd8 22. Rxd8+ Bxd8 23. Kf1 Kf7 24. Ke2
b6 25. Kd3 Ke6 26. a4 Kd5 27. Nd2 f5 28. f3 Bg5 29. b3 Bxd2 30. Kxd2 e4 31.
Ke3 exf3 32. Kxf3 g5 33. h4 h6 34. h5 Ke5 35. Ke3 $1 Kd5 36. Kf3 Ke6 37.
Ke3 Ke5 38. Kf3 Kd6 39. Ke3 Kc5 40. Kf3 a6 41. Ke3 Kd5 42. Kf3 Ke5 43. Ke3
$1 f4+ 44. gxf4+ gxf4+ 45. Kd3 Kf5 46. b4 $2 b5 $2 47. axb5 $15 axb5 48.
Kd4 $2 0-1

[Event "ESP-chT Div Honor 2018"]
[Site "Linares"]
[Date "2018.08.11"]
[Round "6"]
[White "Antipov, Mikhail Al"]
[Black "Rodshtein, Maxim"]
[Result "0-1"]
[WhiteElo "2598"]
[BlackElo "2678"]
[Annotator "TA"]
[EventDate "2018.08.06"]
[PlyCount "60"]
[EventType "team-tourn"]
[EventCountry "ESP"]

1. e4 e5 2. Nf3 Nc6 3. Bc4 Bc5 4. b4 Bxb4 5. c3 Be7 6. d4 Na5 7. Bd3 d6 8.
dxe5 dxe5 9. Nxe5 Nf6 10. O-O O-O 11. Nd2 Nd7 12. Nxd7 $146 Qxd7 13. Qc2
Rd8 14. Be2 Qc6 15. f4 b6 $15 16. e5 Bb7 17. Bf3 Qb5 18. Ne4 Bc5+ $40 19.
Nxc5 Qxc5+ 20. Qf2 Qxf2+ 21. Kxf2 Bxf3 22. Kxf3 Rd3+ 23. Ke2 Rad8 24. f5
Rxc3 $19 25. Bf4 Rc2+ 26. Kf3 Rd3+ 27. Ke4 Ra3 28. Rad1 Re2+ 29. Kd5 Rc3
30. Rfe1 $2 Rc5+ 0-1

[Event "ESP-chT Div Honor 2018"]
[Site "Linares"]
[Date "2018.08.11"]
[Round "6"]
[White "Santos Latasa, Jaime"]
[Black "Santos Ruiz, Miguel"]
[Result "1-0"]
[WhiteElo "2582"]
[BlackElo "2517"]
[Annotator "TA"]
[EventDate "2018.08.06"]
[PlyCount "107"]
[EventType "team-tourn"]
[EventCountry "ESP"]

1. e4 c5 2. Nf3 d6 3. d4 cxd4 4. Qxd4 Nf6 5. Be2 Nc6 6. Qe3 g6 7. O-O Bg7
8. h3 Qb6 $146 9. Qxb6 axb6 10. Nc3 Nd7 11. Nd5 $16 Ra4 12. Nd2 e6 13. Ne3
Ke7 14. c3 f5 15. Bb5 Ra5 16. a4 fxe4 17. Nxe4 d5 18. Ng5 h6 19. Nf3 Ra8
20. Re1 $36 Kf7 21. Ng4 e5 22. Bxc6 bxc6 23. Ngxe5+ Nxe5 24. Nxe5+ Bxe5 25.
Rxe5 Bb7 26. Ra3 h5 27. Be3 Ra6 28. Rb3 Rxa4 29. Rxb6 $18 Ba8 30. Bg5 Ra7
31. Rb4 Rf8 32. Be3 Rb7 33. Rf4+ Kg8 34. Rxf8+ Kxf8 35. b4 Kf7 36. Bc5 $1
Rd7 37. Kh2 Bb7 38. Kg3 Ba6 39. Kh4 Kf6 40. Re8 Bf1 41. Kg3 Bb5 42. f3 Kf7
43. Re1 Kg7 44. Kh4 Kf6 45. g4 hxg4 46. hxg4 Rh7+ 47. Kg3 Rd7 48. Kf4 Rh7
49. g5+ Kf7 50. Re7+ Kg8 51. Re6 Rf7+ 52. Kg4 Rg7 $2 53. Rf6 Kh7 54. Bd4
1-0

[Event "ESP-chT Div Honor 2018"]
[Site "Linares"]
[Date "2018.08.11"]
[Round "6"]
[White "Ibarra Jerez, Jose Carlos"]
[Black "Silva Lucena, Cristian"]
[Result "1-0"]
[WhiteElo "2570"]
[BlackElo "2237"]
[Annotator "TA"]
[EventDate "2018.08.06"]
[PlyCount "145"]
[EventType "team-tourn"]
[EventCountry "ESP"]

1. Nf3 Nf6 2. g3 g6 3. b3 d5 4. Bb2 Bg7 5. c4 c6 6. Bg2 O-O 7. O-O Bg4 8.
d3 Bxf3 9. Bxf3 Ne8 $146 10. Nc3 e6 11. Rc1 Nd6 12. Ba3 Re8 13. d4 dxc4 14.
e3 e5 15. Bxd6 Qxd6 16. d5 $36 f5 17. e4 Rd8 18. bxc4 Na6 19. Na4 c5 20.
Nc3 $16 Nc7 21. Rb1 Rab8 22. Bg2 Qa6 23. Qd3 f4 24. Bh3 Ne8 25. Nb5 Qa5 26.
Be6+ Kh8 27. Bf7 Nd6 28. Nxd6 Rxd6 29. Be6 Qc7 30. Rb3 Rbd8 31. Qc3 Rf8 32.
a4 Ra6 33. Rb5 b6 34. Ra1 Qe7 35. a5 Qf6 36. Rf1 Bh6 37. Bh3 Bg5 38. Qd3
Rd8 39. Qb3 Rxa5 40. Rxa5 bxa5 41. Qc3 fxg3 42. hxg3 Qd6 43. Qxa5 Rb8 44.
Qxa7 $18 Bd2 45. Qa3 Bg5 46. Be6 Qf8 47. Kg2 Be7 48. Qc3 Qg7 49. Ra1 Bd6
50. Ra6 Rd8 51. Qa5 Qf6 52. Rxd6 $1 Rxd6 53. Qxc5 Rd8 54. Bh3 Rf8 55. Qe3
Kg7 56. c5 Qa6 57. Qc3 Qf6 58. f4 Qa6 59. Qxe5+ Kh6 60. Kh2 Qe2+ 61. Bg2
Ra8 62. Qg5+ $1 Kg7 63. Qe7+ $1 Kh6 $2 64. g4 $1 Qxg4 65. Qg5+ $1 Qxg5 66.
fxg5+ Kxg5 67. d6 Rd8 68. e5 $1 Kf5 69. c6 Kxe5 70. c7 Rxd6 71. c8=Q h5 72.
Qc5+ Ke6 73. Bh3+ 1-0

[Event "ESP-chT Div Honor 2018"]
[Site "Linares"]
[Date "2018.08.11"]
[Round "6"]
[White "Volkov, Sergey"]
[Black "Ponomariov, Ruslan"]
[Result "1/2-1/2"]
[WhiteElo "2557"]
[BlackElo "2686"]
[Annotator "TA"]
[EventDate "2018.08.06"]
[PlyCount "61"]
[EventType "team-tourn"]
[EventCountry "ESP"]

1. d4 d5 2. c4 dxc4 3. e3 Nf6 4. Bxc4 e6 5. Nf3 a6 6. O-O c5 7. dxc5 Bxc5
8. Qxd8+ Kxd8 9. Nbd2 Ke7 10. b3 Rd8 11. Be2 Nc6 12. Bb2 b6 13. Rac1 Bb7
14. Rfd1 Rac8 15. Ne1 Kf8 16. Nd3 Be7 17. Nc4 $146 Nd7 18. Bf3 b5 19. Nd2
Na5 20. Kf1 f6 21. Ke2 Bxf3+ 22. gxf3 Kf7 23. f4 Nb7 24. Nf3 Nb6 25. Nd4
Nc5 26. f5 e5 27. Nxc5 Bxc5 28. Ne6 Rxd1 29. Rxd1 Be7 30. e4 g6 31. Kd3
1/2-1/2

[Event "ESP-chT Div Honor 2018"]
[Site "Linares"]
[Date "2018.08.11"]
[Round "6"]
[White "Magem Badals, Jordi"]
[Black "Osmak, Iulija"]
[Result "1/2-1/2"]
[WhiteElo "2531"]
[BlackElo "2410"]
[Annotator "TA"]
[EventDate "2018.08.06"]
[PlyCount "53"]
[EventType "team-tourn"]
[EventCountry "ESP"]

1. e4 e6 2. d4 d5 3. Nd2 c5 4. Ngf3 cxd4 5. Nxd4 Nc6 6. Bb5 Bd7 7. Nxc6
bxc6 8. Bd3 Qc7 9. Qe2 Ne7 10. Nf3 Ng6 11. e5 Be7 12. O-O O-O 13. h4 f5 14.
h5 $146 Nh8 15. c4 Nf7 16. Bf4 g5 17. hxg6 $1 hxg6 18. cxd5 cxd5 19. Rac1
Qb6 20. Be3 $36 Qa5 21. Nd4 Rfc8 22. Ba6 Rxc1 23. Rxc1 Qxa2 $2 24. Rc7 Qb1+
25. Rc1 Qa2 $1 26. Rc7 $2 Qb1+ $11 27. Rc1 1/2-1/2

[Event "ESP-chT Div Honor 2018"]
[Site "Linares"]
[Date "2018.08.11"]
[Round "6"]
[White "Del Rio de Angelis, Salvador Gabriel"]
[Black "Moreno Tejera, Emilio"]
[Result "1-0"]
[WhiteElo "2525"]
[BlackElo "2429"]
[TimeControl "40/5400+30:1800+30"]
[Annotator "ChessBase"]
[EventDate "2018.08.06"]
[PlyCount "79"]
[EventType "team-tourn"]
[EventCountry "ESP"]

1. d4 Nf6 2. c4 e6 3. Nc3 Bb4 4. Qb3 c5 5. dxc5 Na6 6. a3 Bxc5 7. Nf3 O-O
8. Qc2 d5 9. b4 Be7 10. e3 Nc7 11. Bb2 a5 12. b5 Bd7 13. Rd1 Rc8 14. Qb3
Qe8 15. Ne5 Rd8 16. Be2 Bc8 17. O-O Bd6 18. Na4 Nd7 19. Nf3 Qe7 20. Qc3 f5
21. Qxa5 f4 22. Qc3 dxc4 23. Bxc4 Nd5 24. Bxd5 exd5 25. exf4 Rxf4 26. Rfe1
Qf8 27. Qb3 Kh8 28. Rxd5 Nf6 29. Rd3 Rg4 30. Be5 Be7 31. Rxd8 Bxd8 32. Nc3
Nd7 33. Bg3 h6 34. Ne4 Ba5 35. h3 Rxe4 36. Rxe4 Nc5 37. Bd6 Qxd6 38. Re8+
Kh7 39. Qc2+ Nd3 40. Qxc8 1-0

[Event "ESP-chT Div Honor 2018"]
[Site "Linares"]
[Date "2018.08.11"]
[Round "6"]
[White "Korneev, Oleg"]
[Black "Rakhmanov, Alexander"]
[Result "1/2-1/2"]
[WhiteElo "2513"]
[BlackElo "2629"]
[Annotator "TA"]
[EventDate "2018.08.06"]
[PlyCount "60"]
[EventType "team-tourn"]
[EventCountry "ESP"]

1. e4 e5 2. Nf3 Nf6 3. d4 Nxe4 4. Bd3 d5 5. Nxe5 Nd7 6. Nxd7 Bxd7 7. O-O
Nf6 8. Bf4 Be7 9. Nd2 Bg4 $146 10. Qb1 Bh5 11. c3 O-O 12. Re1 Re8 13. Bg5
Bg6 14. Bxg6 hxg6 15. Qd3 c6 16. Bxf6 Bxf6 17. Rxe8+ Qxe8 18. Nf3 Qd7 19.
Re1 Re8 20. Rxe8+ Qxe8 21. h4 Qe6 22. g3 Qf5 23. Qe2 Kf8 24. Kg2 g5 25.
hxg5 Bxg5 26. Nxg5 Qxg5 $11 27. Qd1 Qe7 28. Qg4 g6 29. Kf1 Kg7 30. Qc8 a6
1/2-1/2

[Event "ESP-chT Div Honor 2018"]
[Site "Linares"]
[Date "2018.08.11"]
[Round "6"]
[White "Aroshidze, Levan"]
[Black "Cuenca Jimenez, Jose Fernando"]
[Result "1/2-1/2"]
[WhiteElo "2504"]
[BlackElo "2506"]
[TimeControl "40/5400+30:1800+30"]
[Annotator "ChessBase"]
[EventDate "2018.08.06"]
[PlyCount "151"]
[EventType "team-tourn"]
[EventCountry "ESP"]

1. e4 e5 2. Nf3 Nc6 3. Bb5 a6 4. Ba4 Nf6 5. O-O Be7 6. Re1 b5 7. Bb3 d6 8.
c3 O-O 9. h3 Nb8 10. d4 Nbd7 11. c4 c6 12. Qc2 Bb7 13. Nc3 b4 14. Na4 c5
15. d5 Re8 16. Qe2 Nf8 17. Bc2 Ng6 18. g3 Bc8 19. Kg2 h6 20. Bd2 Rb8 21. b3
Bd7 22. Nb2 Qc8 23. Rh1 Nh7 24. Nd1 f5 25. Ne3 fxe4 26. Bxe4 Ngf8 27. g4
Nf6 28. Bf5 Nh5 29. Kh2 Nf4 30. Qf1 e4 31. Bxe4 Bf6 32. Bc2 Bxa1 33. Qxa1
Qd8 34. Re1 N8g6 35. Nf5 Bxf5 36. gxf5 Ne5 37. Nxe5 Qh4 38. Bxf4 Qxf4+ 39.
Kg2 Rxe5 40. Rxe5 dxe5 41. Qe1 Kf7 42. Be4 Ke7 43. Qe2 Kd6 44. Qg4 Qg5 45.
Kg3 Ke7 46. h4 Qf6 47. Kh3 Kd6 48. Qg3 a5 49. Bc2 Re8 50. Be4 Ke7 51. Qe3
Kd6 52. Qg3 Ra8 53. Bc2 Ra7 54. Kg2 Rc7 55. Kh3 Re7 56. Be4 Kc7 57. Bc2 Qd6
58. Be4 Kd8 59. Bc2 Ke8 60. Kg2 Kf8 61. Kh3 Rd7 62. Kg2 e4 63. Qxd6+ Rxd6
64. h5 Kf7 65. Kg3 Kf6 66. Kf4 Rd8 67. Bd1 Re8 68. Be2 Re5 69. Bg4 Re8 70.
Be2 Ra8 71. Bd1 Ra7 72. Bc2 Ra8 73. Bd1 Re8 74. Be2 Rd8 75. Bd1 Ra8 76. Bc2
1/2-1/2

[Event "ESP-chT Div Honor 2018"]
[Site "Linares"]
[Date "2018.08.11"]
[Round "6"]
[White "Cornette, Deimante"]
[Black "Moskalenko, Viktor"]
[Result "1/2-1/2"]
[WhiteElo "2463"]
[BlackElo "2504"]
[Annotator "TA"]
[EventDate "2018.08.06"]
[PlyCount "69"]
[EventType "team-tourn"]
[EventCountry "ESP"]

1. e4 e6 2. d4 d5 3. Nc3 Nf6 4. Bg5 Bb4 5. e5 h6 6. Bc1 Ne4 7. Qg4 g6 8. a3
Bxc3+ 9. bxc3 c5 10. Bd3 cxd4 11. Ne2 Nc6 12. cxd4 Qa5+ $1 13. Kf1 Nd2+ 14.
Bxd2 $1 Qxd2 15. h4 $146 h5 16. Qg5 Qxg5 $11 17. hxg5 Rg8 18. Rb1 Ke7 19.
f3 Na5 20. Kf2 Bd7 21. g4 hxg4 22. fxg4 Rg7 23. Ke3 a6 24. Rb6 Bc6 25. Rh3
Rgg8 26. Rb1 Bb5 27. Bxb5 axb5 28. Rxb5 Nc4+ 29. Kf4 b6 30. Rbb3 Rh8 31.
Rh6 $1 Rhc8 32. Rhh3 Rh8 33. Rh6 $1 Rhc8 34. Rhh3 Rh8 35. Rh6 $1 1/2-1/2

[Event "ESP-chT Div Honor 2018"]
[Site "Linares"]
[Date "2018.08.11"]
[Round "6"]
[White "Ramiro Ovejero, Juan Luis"]
[Black "Muzychuk, Anna"]
[Result "0-1"]
[WhiteElo "2382"]
[BlackElo "2564"]
[TimeControl "40/5400+30:1800+30"]
[Annotator "ChessBase"]
[EventDate "2018.08.06"]
[PlyCount "78"]
[EventType "team-tourn"]
[EventCountry "ESP"]

1. e4 c5 2. Nf3 Nc6 3. Bb5 g6 4. Bxc6 bxc6 5. O-O Bg7 6. Re1 Nf6 7. e5 Nd5
8. c4 Nc7 9. d4 cxd4 10. Qxd4 Ne6 11. Qh4 d6 12. Nc3 dxe5 13. Nxe5 Qc7 14.
Qe4 O-O 15. f4 Nc5 16. Qe3 Nd7 17. b3 Nxe5 18. fxe5 Bf5 19. Bb2 Rfd8 20.
Rad1 Rxd1 21. Nxd1 Rd8 22. Nf2 Qa5 23. Qc3 Qb6 24. Kf1 a5 25. Ba3 Rd7 26.
Rd1 Rxd1+ 27. Nxd1 Bb1 28. Bxe7 Bxa2 29. b4 axb4 30. Bxb4 Bxe5 31. Qxe5
Bxc4+ 32. Ke1 Qxb4+ 33. Nc3 Bd5 34. g3 h5 35. h4 Qb2 36. Qe3 Qg2 37. Qe5
Qb2 38. Qe3 Kh7 39. Qe5 Qc1+ 0-1

[Event "ESP-chT Div Honor 2018"]
[Site "Linares"]
[Date "2018.08.11"]
[Round "6"]
[White "Matnadze, Ana"]
[Black "Suarez Garcia, Carlos"]
[Result "0-1"]
[WhiteElo "2378"]
[BlackElo "2468"]
[Annotator "TA"]
[EventDate "2018.08.06"]
[PlyCount "102"]
[EventType "team-tourn"]
[EventCountry "ESP"]

1. d4 d5 2. Nf3 c6 3. g3 Nf6 4. Bg2 Bf5 5. O-O h6 6. c4 e6 7. Nc3 Nbd7 8.
Nd2 Be7 9. Qb3 Qb6 10. e4 dxe4 11. Ndxe4 Nxe4 12. Nxe4 Nf6 13. Nxf6+ $146
Bxf6 14. d5 cxd5 15. cxd5 O-O 16. Qf3 Bxb2 17. Bxb2 Qxb2 18. dxe6 fxe6 19.
Qxb7 Qxb7 20. Bxb7 Rab8 21. Bc6 Rb2 22. Rfe1 Bh3 23. f4 Rd8 24. Re5 Rdd2
$36 25. Ra5 $2 Bg2 $19 26. Bxg2 Rxg2+ 27. Kh1 Rxh2+ 28. Kg1 Rbg2+ 29. Kf1
Rc2 30. Kg1 Rhg2+ 31. Kh1 Rxg3 32. Rxa7 Rg4 33. a4 $2 Rc5 34. Ra2 Rh5+ 35.
Rh2 Rxh2+ 36. Kxh2 Rxf4 37. Kg3 Rb4 38. Kf3 Kh7 39. Ke3 h5 40. Kd3 h4 41.
Ke3 Kh6 42. Kf3 Rb3+ 43. Kg2 Ra3 44. a5 g5 45. a6 Kh5 46. Ra8 Kg4 47. a7
Ra2+ 48. Kf1 h3 49. Re8 Rxa7 50. Rxe6 Ra1+ 51. Kf2 h2 0-1

[Event "ESP-chT Div Honor 2018"]
[Site "Linares"]
[Date "2018.08.11"]
[Round "6"]
[White "Assaubayeva, Bibissara"]
[Black "Vega Gutierrez, Sabrina Neide"]
[Result "1-0"]
[WhiteElo "2346"]
[BlackElo "2390"]
[TimeControl "40/5400+30:1800+30"]
[Annotator "NA"]
[EventDate "2018.08.06"]
[PlyCount "119"]
[EventType "team-tourn"]
[EventCountry "ESP"]

1. d4 d5 2. c4 e6 3. Nf3 c6 4. Bg5 Be7 5. Bxe7 Qxe7 6. e3 Nf6 7. Nc3 Nbd7
8. Qc2 O-O 9. cxd5 exd5 10. Bd3 Re8 11. O-O Nf8 12. Ne5 Ng4 13. Nxg4 Bxg4
14. Rab1 Qg5 15. Kh1 Qh4 16. b4 Re6 17. f3 Bh5 18. Nd1 a6 19. Qf2 Qxf2 20.
Rxf2 Bg6 21. Bxg6 Nxg6 22. Rc2 Nh4 23. Kg1 Nf5 24. Kf2 Rae8 25. Rb3 Nd6 26.
Nb2 f5 27. a4 g5 28. Rd3 Rh6 29. h3 Rhe6 30. Rdc3 R6e7 31. Rd3 Re6 32. Rdc3
R6e7 33. Rd3 Rf8 34. Rd1 h5 35. Nd3 Nc4 36. Re1 Rfe8 37. Rce2 b5 38. a5 h4
39. Nc5 Ra8 40. e4 dxe4 41. fxe4 f4 42. d5 Rd8 43. Nxa6 cxd5 44. exd5 Ne3
45. Rd2 Red7 46. Nc5 Rxd5 47. Rxd5 Rxd5 48. a6 Rd8 49. Ra1 Nc2 50. Ra5 Nxb4
51. Rxb5 Nc6 52. Ne4 Kf7 53. Rb6 Rd4 54. Nxg5+ Kf6 55. Nf3 Rc4 56. a7 Rc2+
57. Kf1 Ra2 58. Rxc6+ Kf5 59. Nxh4+ Ke4 60. Re6+ 1-0

[Event "ESP-chT Div Honor 2018"]
[Site "Linares"]
[Date "2018.08.11"]
[Round "6"]
[White "Alshameary Puente, Ismael"]
[Black "Lopez Martinez, Josep Manuel"]
[Result "0-1"]
[WhiteElo "2343"]
[BlackElo "2585"]
[Annotator "TA"]
[EventDate "2018.08.06"]
[PlyCount "106"]
[EventType "team-tourn"]
[EventCountry "ESP"]

1. d4 e6 2. c4 Nf6 3. Nc3 Bb4 4. e3 O-O 5. Ne2 d5 6. a3 Bd6 7. c5 Be7 8.
Ng3 c6 9. b4 b6 10. Bd3 a5 11. Bd2 Ba6 12. Bxa6 Rxa6 13. O-O Nbd7 14. Qc2
Qa8 15. Rab1 axb4 16. axb4 bxc5 $146 17. bxc5 e5 18. Nf5 Re8 19. Nxe7+ Rxe7
20. h3 h6 21. Rb4 Re8 22. Rfb1 exd4 23. exd4 Nf8 24. Qf5 N6d7 25. Qg4 Re6
26. Be3 Ra1 27. Qd1 Rxb1 28. Qxb1 Qe8 29. Ne2 h5 30. Rb7 h4 31. Qf5 Re4 $11
32. Kh1 Qc8 33. Ra7 g6 34. Qf3 Qb8 35. Ra1 Qb2 36. Ra8 Qb1+ 37. Kh2 Qb7 38.
Ra1 Re8 39. Qf4 Qb2 $36 40. Re1 Re4 41. Qh6 Qb8+ 42. Kh1 Qd8 43. Nc3 Re8 $1
44. Qf4 Ne6 45. Qg4 Ng7 46. Ra1 Nf5 47. Bg5 Qb8 48. Rb1 Qa8 49. Bd2 Qa6 $19
50. Qf4 Qd3 51. Rb7 $2 Nf8 $1 52. Qg5 Qxd4 53. Nd1 Ne6 0-1

[Event "ESP-chT Div Honor 2018"]
[Site "Linares"]
[Date "2018.08.11"]
[Round "6"]
[White "Gines Esteo, Pedro Antonio"]
[Black "Ubilava, Elizbar"]
[Result "0-1"]
[WhiteElo "2336"]
[BlackElo "2485"]
[Annotator "TA"]
[EventDate "2018.08.06"]
[PlyCount "86"]
[EventType "team-tourn"]
[EventCountry "ESP"]

1. d4 Nf6 2. c4 d6 3. Nc3 e5 4. Nf3 Nbd7 5. Bg5 Be7 6. e3 c6 7. Qc2 h6 8.
Bh4 Nh5 9. Bxe7 Qxe7 10. Be2 Nhf6 11. O-O O-O 12. Rfd1 Re8 13. b4 Nf8 $146
14. Na4 e4 15. Nd2 h5 16. Nf1 h4 $11 17. h3 $1 Bf5 18. c5 d5 19. Rdb1 g5
20. Nh2 Qd7 21. Qd1 Kg7 22. b5 Rac8 23. Rb2 Ng6 24. Rab1 Be6 25. bxc6 bxc6
26. Rb7 Rc7 27. Qb3 Rec8 28. Rxc7 Rxc7 29. Qb8 Rc8 30. Qb7 Rc7 31. Qb8 Qc8
32. Nf1 g4 $36 33. hxg4 Nxg4 34. Nd2 Qd7 35. Ba6 Qe7 $1 $17 36. Rb7 $2 Qf6
37. Qxc7 Qxf2+ 38. Kh1 Qxd2 39. Rb1 Qxe3 40. Rf1 h3 41. Bc8 hxg2+ 42. Kxg2
Nh4+ 43. Kh1 Qh3+ 0-1

[Event "ESP-chT Div Honor 2018"]
[Site "Linares"]
[Date "2018.08.11"]
[Round "6"]
[White "Collazo Hidalgo Gato, Niala"]
[Black "Paehtz, Elisabeth"]
[Result "0-1"]
[WhiteElo "2199"]
[BlackElo "2500"]
[Annotator "TA"]
[EventDate "2018.08.06"]
[PlyCount "72"]
[EventType "team-tourn"]
[EventCountry "ESP"]

1. e4 e5 2. Nf3 Nc6 3. Bb5 a6 4. Ba4 Nf6 5. O-O Be7 6. Re1 b5 7. Bb3 d6 8.
c3 O-O 9. h3 Bb7 10. d4 Nd7 11. a4 Bf6 12. d5 Ne7 13. axb5 axb5 14. Rxa8
Bxa8 15. Na3 Nc5 16. Bc2 c6 17. b4 Na6 18. dxc6 Bxc6 19. Qe2 Qb6 $146 20.
Rd1 Rd8 21. Bg5 Bxg5 $11 22. Nxg5 h6 23. Nxf7 Kxf7 24. Bb3+ $2 Kg6 $1 $19
25. c4 bxc4 26. Nxc4 Qxb4 27. Qf3 $2 Kh7 28. Ba2 Ng6 29. Rb1 Qc5 $1 30. Ne3
Rf8 31. Bf7 Nf4 32. Bc4 Nc7 33. Qg4 Bxe4 34. Rc1 d5 35. g3 Nd3 36. Rf1 Nxf2
0-1

[Event "ESP-chT Div Honor 2018"]
[Site "Linares"]
[Date "2018.08.12"]
[Round "7"]
[White "Vidit, Santosh Gujrathi"]
[Black "Meier, Georg"]
[Result "1-0"]
[WhiteElo "2715"]
[BlackElo "2638"]
[Annotator "TA"]
[EventDate "2018.08.06"]
[PlyCount "67"]
[EventType "team-tourn"]
[EventCountry "ESP"]

1. c4 e6 2. Nc3 d5 3. d4 Nf6 4. cxd5 Nxd5 5. e4 Nxc3 6. bxc3 c5 7. Rb1 Be7
8. Nf3 O-O 9. h4 Nc6 $146 10. h5 h6 11. Bb5 Qc7 12. Rh3 Rd8 13. Rg3 Kh8 14.
Be3 Bd6 15. e5 Bf8 $1 16. Bxc6 bxc6 17. Nd2 cxd4 18. cxd4 c5 19. Rc1 Qa5
20. Bxh6 cxd4 $2 21. f4 $1 $18 Kh7 22. Bg5 Rd7 $1 $11 23. Qc2+ d3 $1 24.
Rxd3 Kg8 25. h6 gxh6 26. Bf6 Rxd3 27. Qxd3 Ba6 28. Qe3 Rb8 $17 29. f5 Rb2
30. Rc3 Qxa2 31. fxe6 $1 $11 Qxe6 $2 32. Qe4 $18 Bd6 33. Rg3+ Kf8 34. Bg7+
1-0

[Event "ESP-chT Div Honor 2018"]
[Site "Linares"]
[Date "2018.08.12"]
[Round "7"]
[White "Leko, Peter"]
[Black "Harikrishna, P."]
[Result "1-0"]
[WhiteElo "2691"]
[BlackElo "2739"]
[Annotator "TA"]
[EventDate "2018.08.06"]
[PlyCount "120"]
[EventType "team-tourn"]
[EventCountry "ESP"]

1. e4 e5 2. Nf3 Nc6 3. Bb5 Nf6 4. d3 Bc5 5. c3 O-O 6. O-O d5 7. Nbd2 dxe4
8. dxe4 a5 9. Bxc6 bxc6 10. Nxe5 Re8 11. Nb3 Qxd1 12. Rxd1 Bb6 13. Nc4 Nxe4
14. Nxb6 cxb6 15. f3 $146 Nf6 16. Bg5 c5 17. Bxf6 gxf6 18. Rd6 Be6 19. Rxb6
Bxb3 20. axb3 $14 Re2 21. Rb5 Rd8 $1 22. Rbxa5 Rdd2 $1 23. Kh1 Rxb2 24.
Rxc5 Rxb3 25. h3 Rc2 $1 26. Rc4 f5 27. Rc5 Rbxc3 28. Rxf5 Rc5 29. Ra5 Rxf5
30. Rxf5 $16 h6 31. Kh2 Kg7 32. h4 Kg6 33. Ra5 h5 34. Rg5+ Kh6 35. Kh3 Rc3
36. Kg3 f6 37. Rf5 Kg6 38. Rf4 Ra3 39. Kh3 Rb3 40. Ra4 Rc3 41. Kg3 Rc2 42.
Ra1 Rb2 43. Rf1 Ra2 44. Rf2 Ra4 45. Re2 Rb4 46. Kh3 Rb3 47. Kg3 Rb4 $1 48.
Re3 Ra4 49. Kh3 Ra1 50. g4 hxg4+ 51. fxg4 f5 52. Re6+ Kf7 53. gxf5 Rf1 54.
Kg4 Rg1+ 55. Kh5 Rf1 56. Kg5 Rg1+ 57. Kh6 Rf1 58. Re5 Kf6 59. Rd5 Rxf5 $14
60. Rxf5+ Kxf5 1-0